| 000 | 00720cam a22002052 4500 | ||
|---|---|---|---|
| 001 | 0000019845 | ||
| 005 | 20151217155903.0 | ||
| 008 | 110217s xx 000 0 eng d | ||
| 040 |
_aKABU _cKABU |
||
| 110 | 2 |
_aEducational Management Society of Kenya. _@0000178194 |
|
| 245 | 1 | 0 | _aProceedings of the second national workshop for the Educational Management Society of Kenya (EMSK) at Kabarak University on 26th to 28th, 2010. |
| 250 | _a1st ed. | ||
| 260 |
_aKabarak : _bEMSK, _c2010. |
||
| 300 | _a279 p. | ||
| 650 | 0 |
_aEducation _zKenya. _@0000153489 |
|
| 908 | _a110217 | ||
| 950 | _@1 | ||
| 999 |
_c13738 _d13738 |
||